The Fleuron a jurnal of typography

Bibliographic Details
Main Author: Simon, Oliver (Author)
Format: Book
Language:English
PhysicalDescription:127 s.
Published: London The Fleuron 1923

MARC

LEADER 00000nam a2200000 a 4500
001 vtls010266260
003 SK-MaSNL
005 20260302045150.0
008 240314 000 0 eng
040 |a SNK  |b slo  |c SNK  |e AACR2 
100 1 |a Simon, Oliver  |4 aut  |9 701885 
245 1 4 |a The Fleuron a jurnal of typography 
260 |a London  |b The Fleuron  |c 1923 
300 |a 127 s. 
999 |c 1092621  |d 1094551 
952 |a SNK  |b SNK  |y VYP  |7 0  |p 17A0692421  |o snkIB 36541  |i snkF 2892/77  |8 5  |3 rekatalogizácia  |0 0  |1 0  |4 0  |d 2011-03-24  |l 0  |r 2026-02-24 17:02:38  |w 2026-02-24